[Event "13th Poti Nana Aleksandria Cup"]
[Site "Poti"]
[Date "2018.07.13"]
[Round "1"]
[White "Mesropian, Khachatur"]
[Black "Tutisani, Noe"]
[Result "0-1"]
[WhiteElo "2128"]
[BlackElo "2469"]
[Annotator "ChessBase"]
[PlyCount "92"]
[EventDate "2018.07.13"]
[EventType "swiss"]
[EventCountry "GEO"]
[SourceTitle "playchess.com"]
[Source "ChessBase"]
[SourceQuality "1"]
[TimeControl "40/5400+30:1800+30"]

1. d4 {[%emt 0:00:00]} Nf6 {[%emt 0:00:00]} 2. c4 {[%emt 0:00:00]} c5 {[%emt 0:00:00]} 3. d5 {[%emt 0:00:00]} g6 {[%emt 0:00:00]} 4. Nc3 {[%emt 0:00:00]} Bg7 {[%emt 0:00:03]} 5. e4 {[%emt 0:00:00]} O-O {[%emt 0:00:08]} 6. Be2 {[%emt 0:00:00]} d6 {[%emt 0:00:07]} 7. Bg5 {[%emt 0:00:00]} h6 {[%emt 0:00:14]} 8. Be3 {[%emt 0:00:01]} a6 {[%emt 0:01:46]} 9. a4 {[%emt 0:00:36]} Kh7 {[%emt 0:01:45]} 10. h3 {[%emt 0:01:46]} e5 {[%emt 0:01:02]} 11. g4 {[%emt 0:01:27]} Ng8 {[%emt 0:01:41]} 12. Bd3 {[%emt 0:01:08]} Ne7 {[%emt 0:00:49]} 13. Nge2 {[%emt 0:00:45]} Nd7 {[%emt 0:01:26]} 14. Ng3 {[%emt 0:01:49]} Bf6 {[%emt 0:01:23]} 15. h4 {[%emt 0:00:55]} Ng8 {[%emt 0:00:23]} 16. g5 {[%emt 0:01:24]} Be7 {[%emt 0:01:04]} 17. Qd2 {[%emt 0:05:41]} Rb8 {[%emt 0:05:49]} 18. h5 {[%emt 0:01:45]} Nb6 {[%emt 0:00:54]} 19. f4 {[%emt 0:09:22]} exf4 {[%emt 0:02:02]} 20. Bxf4 {[%emt 0:00:18]} Nd7 {[%emt 0:00:16]} 21. O-O-O {[%emt 0:21:41]} Ne5 {[%emt 0:00:12]} 22. Kb1 {[%emt 0:05:02]} Bd7 {[%emt 0:03:07]} 23. hxg6+ {[%emt 0:10:10]} fxg6 {[%emt 0:00:14]} 24. Bxe5 {[%emt 0:01:43]} Bxg5 {[%emt 0:04:19]} 25. Qg2 {[%emt 0:04:45]} dxe5 {[%emt 0:01:56]} 26. Rdg1 {[%emt 0:02:14]} Be3 {[%emt 0:02:24]} 27. Rf1 {[%emt 0:03:40]} Qg5 {[%emt 0:00:45]} 28. Rxf8 {[%emt 0:07:50]} Rxf8 {[%emt 0:00:05]} 29. Rf1 {[%emt 0:00:05]} Rxf1+ {[%emt 0:01:21]} 30. Qxf1 {[%emt 0:00:10]} Nf6 {[%emt 0:02:13]} 31. Nd1 {[%emt 0:06:21]} Kg7 {[%emt 0:00:32]} 32. Qf3 {[%emt 0:07:21]} Bd4 {[%emt 0:00:17]} 33. Bc2 {[%emt 0:00:34]} h5 {[%emt 0:00:28]} 34. Ne2 {[%emt 0:00:54]} Bg4 {[%emt 0:00:45]} 35. Qd3 {[%emt 0:02:46]} Bxe2 {[%emt 0:01:26]} 36. Qxe2 {[%emt 0:00:01]} h4 {[%emt 0:00:06]} 37. Qf1 {[%emt 0:02:24]} Qf4 {[%emt 0:01:32]} 38. Qh3 {[%emt 0:02:25]} Qg4 {[%emt 0:00:06]} 39. Qxg4 {[%emt 0:01:40]} Nxg4 {[%emt 0:00:05]} 40. Bd3 {[%emt 0:00:00]} Nf6 {[%emt 0:00:00]} 41. Kc2 {[%emt 0:01:13]} g5 {[%emt 0:01:21]} 42. Kd2 {[%emt 0:02:36]} h3 {[%emt 0:00:48]} 43. Bf1 {[%emt 0:00:20]} g4 {[%emt 0:00:04]} 44. Kd3 {[%emt 0:05:29]} Nh5 {[%emt 0:00:05]} 45. Ne3 {[%emt 0:01:43]} Nf4+ {[%emt 0:00:06]} 46. Kd2 {[%emt 0:00:44]} Bxe3+ {[%emt 0:00:05]} 0-1

[Event "13th Poti Nana Aleksandria Cup"]
[Site "Poti"]
[Date "2018.07.13"]
[Round "1"]
[White "Matsenko, Vadim"]
[Black "Hayrapetyan, Hovik"]
[Result "1/2-1/2"]
[WhiteElo "2106"]
[BlackElo "2453"]
[Annotator "TA"]
[PlyCount "92"]
[EventDate "2018.07.13"]
[EventType "swiss"]
[EventCountry "GEO"]
[SourceTitle "playchess.com"]
[Source "ChessBase"]
[SourceQuality "1"]

{[%evp 18,92,81,61,66,59,64,57,112,116,179,167,245,243,246,248,250,244,248,256,250,245,244,237,231,205,173,135,140,135,133,107,116,121,133,122,124,124,112,122,124,108,109,109,101,41,50,0,0,0,143,0,47,0,0,0,0,0,0,0,0,0,0,0,0,0,0,0,0,0,0,0,0,0,0,0,0]} 1. e4 c5 2. Nf3 e6 3. d4 cxd4 4. Nxd4 a6 5. g3 b6 (5... Nf6 6. Bg2 Be7 7. O-O d6 8. c4 Bd7 9. b3 Nc6 10. Bb2 O-O 11. Nc3 Rc8 12. Rc1 Qa5 13. a4 Qb6 14. Nxc6 Bxc6 {1-0 (42) Zherebukh,Y (2636)-Hansen,E (2629) chess.com INT 2018}) 6. Bg2 {B41: Sicilian: Kan Variation: 5 c4} Bb7 7. O-O Nf6 8. Qe2 d6 9. c4 Nbd7 10. Nc3 {LiveBook: 3 Games} Rc8 11. Bd2 Qc7 12. b3 g6 (12... Be7 $14) 13. Rad1 $146 ({Predecessor:} 13. Rac1 Bg7 14. Be3 O-O 15. Rfd1 {1-0 (50) Milocco,F-Oei,H Caorle 1984}) 13... Bg7 {[#]} (13... e5 $16) 14. e5 $1 $18 {[%mdl 512]} Bxg2 (14... dxe5 $142 15. Ndb5 axb5 16. Nxb5 Qb8) 15. exf6 Bxf6 16. Nxe6 $1 fxe6 17. Qxe6+ ({Resist} 17. Kxg2 $6 Qc6+ 18. f3 Be5) 17... Kd8 {[#] ...Re8 is the strong threat.} 18. Kxg2 Re8 19. Qf7 Bxc3 20. Bxc3 {aiming for Kg1.} Qc6+ 21. Kg1 Re7 22. Qd5 {And now Qg5 would win.} Kc7 23. Qxc6+ Kxc6 24. Rfe1 Rce8 25. Kf1 b5 26. Rxe7 Rxe7 27. cxb5+ axb5 $16 {[%mdl 4096] Endgame KRB-KRN} 28. Re1 Rf7 29. Re8 Nc5 30. Ra8 Kd5 31. Ra5 (31. Bd2 $16) 31... Nd3 $14 32. f4 (32. Be1 $5) 32... Ke4 {Strongly threatening ...Rc7.} 33. Rxb5 {Black must now prevent Ba5.} d5 (33... Rc7 $11 {keeps the balance.} 34. Bd2 Rc2) 34. Bd2 (34. Ke2 $16) 34... g5 {[%cal Rg5f4]} 35. Ke2 (35. Rb8 $5 {[%cal Rb8e8]} gxf4 36. Re8+ Kf3 37. Bxf4 Nxf4 38. gxf4 $16) 35... gxf4 {The position is equal.} 36. Bxf4 Nxf4+ 37. gxf4 Rxf4 $11 {KR-KR} 38. Rb4+ d4 {With the idea ...Rh4.} 39. Rb7 {White wants to play Re7+.} Rh4 40. Re7+ Kd5 $1 41. Rd7+ Kc5 42. Rc7+ Kd6 43. Ra7 Kd5 44. Rd7+ Ke4 45. Re7+ Kd5 $1 46. Rd7+ Ke5 {Precision: White = 57%, Black = 59%.} 1/2-1/2

[Event "13th Poti Nana Aleksandria Cup"]
[Site "Poti"]
[Date "2018.07.13"]
[Round "1"]
[White "Avetisyan, Mariam"]
[Black "Arabidze, Meri"]
[Result "0-1"]
[WhiteElo "2051"]
[BlackElo "2397"]
[Annotator "NA"]
[PlyCount "88"]
[EventDate "2018.07.13"]
[EventType "swiss"]
[EventCountry "GEO"]
[SourceTitle "playchess.com"]
[Source "ChessBase"]
[SourceQuality "1"]
[TimeControl "40/5400+30:1800+30"]

1. d4 {[%emt 0:00:00]} d5 {[%emt 0:00:00]} 2. c4 {[%emt 0:00:17]} e6 {[%emt 0:00:00]} 3. Nc3 {[%emt 0:00:12]} Nf6 {[%emt 0:00:05]} 4. Nf3 {[%emt 0:01:20]} Nbd7 {[%emt 0:00:29]} 5. c5 {[%emt 0:06:16]} Be7 {[%emt 0:04:39]} 6. Bf4 {[%emt 0:01:37]} Nh5 {[%emt 0:01:11]} 7. e3 {[%emt 0:10:34]} O-O {[%emt 0:13:45]} 8. Bd3 {[%emt 0:02:29]} a5 {[%emt 0:07:49]} 9. a3 {[%emt 0:11:07]} c6 {[%emt 0:01:19]} 10. O-O {[%emt 0:14:02]} Nxf4 {[%emt 0:05:40]} 11. exf4 {[%emt 0:00:06]} b6 {[%emt 0:00:14]} 12. b4 {[%emt 0:03:25]} Qc7 {[%emt 0:01:07]} 13. Ne5 {[%emt 0:13:43]} axb4 {[%emt 0:01:24]} 14. axb4 {[%emt 0:00:46]} Rxa1 {[%emt 0:01:35]} 15. Qxa1 {[%emt 0:00:53]} f6 {[%emt 0:01:32]} 16. Nf3 {[%emt 0:14:12]} Qxf4 {[%emt 0:04:47]} 17. Qb1 {[%emt 0:02:17]} Kh8 {[%emt 0:04:56]} 18. b5 {[%emt 0:03:10]} bxc5 {[%emt 0:10:47]} 19. bxc6 {[%emt 0:00:15]} Nb8 {[%emt 0:00:24]} 20. Ne2 {[%emt 0:00:58]} Qc7 {[%emt 0:00:48]} 21. Bxh7 {[%emt 0:02:29]} f5 {[%emt 0:02:29]} 22. Bg6 {[%emt 0:01:20]} Nxc6 {[%emt 0:01:54]} 23. Qd1 {[%emt 0:04:35]} Bf6 {[%emt 0:04:01]} 24. g3 {[%emt 0:02:23]} Kg8 {[%emt 0:07:29]} 25. Nf4 {[%emt 0:01:37]} cxd4 {[%emt 0:06:03]} 26. Nh4 {[%emt 0:01:31]} Bg5 {[%emt 0:02:09]} 27. Qh5 {[%emt 0:01:02]} Bh6 {[%emt 0:00:01]} 28. Nf3 {[%emt 0:00:24]} e5 {[%emt 0:03:15]} 29. Ng2 {[%emt 0:00:56]} Ne7 {[%emt 0:05:23]} 30. Ngh4 {[%emt 0:00:24]} d3 {[%emt 0:04:17]} 31. Rd1 {[%emt 0:00:32]} e4 {[%emt 0:00:53]} 32. Ng5 {[%emt 0:00:07]} Nxg6 {[%emt 0:01:00]} 33. Nxg6 {[%emt 0:00:04]} Rd8 {[%emt 0:00:43]} 34. Nf4 {[%emt 0:00:44]} Qe7 {[%emt 0:02:31]} 35. h4 {[%emt 0:00:08]} Qf6 {[%emt 0:01:43]} 36. Rc1 {[%emt 0:01:11]} d2 {[%emt 0:00:42]} 37. Rd1 {[%emt 0:00:04]} d4 {[%emt 0:00:16]} 38. Rxd2 {[%emt 0:00:19]} d3 {[%emt 0:00:14]} 39. Kh2 {[%emt 0:01:09]} Bb7 {[%emt 0:00:55]} 40. Rb2 {[%emt 0:00:00]} Bc6 {[%emt 0:00:00]} 41. Nfe6 {[%emt 0:12:21]} Be8 {[%emt 0:02:37]} 42. Nxd8 {[%emt 0:03:52]} Bxh5 {[%emt 0:00:40]} 43. Rb8 {[%emt 0:00:02]} Bxg5 {[%emt 0:01:19]} 44. hxg5 {[%emt 0:00:37]} Qd6 {[%emt 0:00:12]} 0-1

[Event "13th Poti Nana Aleksandria Cup"]
[Site "Poti"]
[Date "2018.07.13"]
[Round "1"]
[White "Samadov, Read"]
[Black "Chkhaidze, Nikoloz"]
[Result "0-1"]
[WhiteElo "2037"]
[BlackElo "2337"]
[Annotator "NA"]
[PlyCount "92"]
[EventDate "2018.07.13"]
[EventType "swiss"]
[EventCountry "GEO"]
[SourceTitle "playchess.com"]
[Source "ChessBase"]
[SourceQuality "1"]
[TimeControl "40/5400+30:1800+30"]

1. d4 {[%emt 0:00:00]} Nf6 {[%emt 0:00:00]} 2. c4 {[%emt 0:00:00]} g6 {[%emt 0:00:03]} 3. Nc3 {[%emt 0:00:00]} d5 {[%emt 0:00:02]} 4. cxd5 {[%emt 0:00:00]} Nxd5 {[%emt 0:00:03]} 5. e4 {[%emt 0:00:11]} Nxc3 {[%emt 0:00:03]} 6. bxc3 {[%emt 0:00:06]} Bg7 {[%emt 0:00:01]} 7. Bc4 {[%emt 0:00:17]} O-O {[%emt 0:00:07]} 8. Ne2 {[%emt 0:00:21]} c5 {[%emt 0:00:11]} 9. Be3 {[%emt 0:00:21]} Nc6 {[%emt 0:00:03]} 10. Rc1 {[%emt 0:00:24]} Qc7 {[%emt 0:00:04]} 11. h4 {[%emt 0:16:11]} h5 {[%emt 0:00:14]} 12. Qd2 {[%emt 0:17:48]} Rd8 {[%emt 0:00:08]} 13. Bh6 {[%emt 0:06:42]} Ne5 {[%emt 0:05:24]} 14. Bxg7 {[%emt 0:02:58]} Kxg7 {[%emt 0:00:06]} 15. Bd5 {[%emt 0:13:06]} e6 {[%emt 0:02:22]} 16. dxe5 {[%emt 0:05:37]} exd5 {[%emt 0:23:18]} 17. Qg5 {[%emt 0:04:22]} Re8 {[%emt 0:14:20]} 18. f4 {[%emt 0:07:35]} Bg4 {[%emt 0:24:10]} 19. exd5 {[%emt 0:05:16]} Qb6 {[%emt 0:04:26]} 20. Kf2 {[%emt 0:06:26]} Bxe2 {[%emt 0:11:55]} 21. Kxe2 {[%emt 0:01:04]} f6 {[%emt 0:00:03]} 22. Qg3 {[%emt 0:00:52]} Qb2+ {[%emt 0:00:12]} 23. Ke3 {[%emt 0:05:55]} Qxa2 {[%emt 0:00:39]} 24. Rhd1 {[%emt 0:01:34]} Rad8 {[%emt 0:00:45]} 25. c4 {[%emt 0:01:51]} fxe5 {[%emt 0:01:12]} 26. f5 {[%emt 0:01:46]} Qa3+ {[%emt 0:00:47]} 27. Kf2 {[%emt 0:00:08]} Qxg3+ {[%emt 0:00:05]} 28. Kxg3 {[%emt 0:00:05]} gxf5 {[%emt 0:00:03]} 29. Ra1 {[%emt 0:00:45]} Ra8 {[%emt 0:05:57]} 30. Rdb1 {[%emt 0:00:55]} b6 {[%emt 0:01:42]} 31. Ra6 {[%emt 0:00:54]} Kf6 {[%emt 0:00:18]} 32. Rba1 {[%emt 0:00:25]} Rg8+ {[%emt 0:00:16]} 33. Kf2 {[%emt 0:01:12]} Rg4 {[%emt 0:00:05]} 34. Rxa7 {[%emt 0:00:49]} Rxa7 {[%emt 0:00:04]} 35. Rxa7 {[%emt 0:00:05]} Rxc4 {[%emt 0:00:16]} 36. Rh7 {[%emt 0:00:27]} Rxh4 {[%emt 0:01:15]} 37. Rh6+ {[%emt 0:00:14]} Kg5 {[%emt 0:01:00]} 38. Rxb6 {[%emt 0:00:05]} Rd4 {[%emt 0:00:05]} 39. d6 {[%emt 0:00:05]} h4 {[%emt 0:01:05]} 40. Rc6 {[%emt 0:00:00]} Kf4 {[%emt 0:00:00]} 41. Rxc5 {[%emt 0:00:30]} Rd2+ {[%emt 0:00:33]} 42. Kf1 {[%emt 0:00:05]} Rxd6 {[%emt 0:00:07]} 43. Rc3 {[%emt 0:00:09]} e4 {[%emt 0:00:15]} 44. Ke2 {[%emt 0:00:03]} Rd3 {[%emt 0:00:49]} 45. Rc8 {[%emt 0:00:07]} h3 {[%emt 0:00:31]} 46. gxh3 {[%emt 0:00:30]} Rxh3 {[%emt 0:00:30]} 0-1

[Event "13th Poti Nana Aleksandria Cup"]
[Site "Poti"]
[Date "2018.07.13"]
[Round "1"]
[White "Janiashvili, Mariami"]
[Black "Aliyev, Ravan"]
[Result "1/2-1/2"]
[WhiteElo "1988"]
[BlackElo "2324"]
[Annotator "NA"]
[PlyCount "132"]
[EventDate "2018.07.13"]
[EventType "swiss"]
[EventCountry "GEO"]
[SourceTitle "playchess.com"]
[Source "ChessBase"]
[SourceQuality "1"]
[TimeControl "40/5400+30:1800+30"]

1. d4 {[%emt 0:00:00]} Nf6 {[%emt 0:00:00]} 2. c4 {[%emt 0:00:00]} c6 {[%emt 0:00:00]} 3. Nc3 {[%emt 0:00:00]} d5 {[%emt 0:00:08]} 4. cxd5 {[%emt 0:00:23]} cxd5 {[%emt 0:00:07]} 5. Nf3 {[%emt 0:00:06]} Nc6 {[%emt 0:00:53]} 6. Bf4 {[%emt 0:00:06]} Bg4 {[%emt 0:01:41]} 7. Ne5 {[%emt 0:06:54]} e6 {[%emt 0:07:15]} 8. Nxg4 {[%emt 0:07:15]} Nxg4 {[%emt 0:00:11]} 9. e3 {[%emt 0:00:02]} Nf6 {[%emt 0:00:40]} 10. Bd3 {[%emt 0:00:27]} Be7 {[%emt 0:04:37]} 11. O-O {[%emt 0:00:19]} a6 {[%emt 0:06:35]} 12. Rc1 {[%emt 0:00:21]} O-O {[%emt 0:01:06]} 13. Bb1 {[%emt 0:03:37]} Rc8 {[%emt 0:02:15]} 14. Qd3 {[%emt 0:05:27]} b5 {[%emt 0:02:10]} 15. Rfd1 {[%emt 0:00:33]} g6 {[%emt 0:06:14]} 16. f3 {[%emt 0:04:02]} Nd7 {[%emt 0:03:46]} 17. a4 {[%emt 0:08:38]} b4 {[%emt 0:06:13]} 18. Ne2 {[%emt 0:00:06]} Qb6 {[%emt 0:00:06]} 19. Kh1 {[%emt 0:07:29]} Rfd8 {[%emt 0:06:45]} 20. Bg3 {[%emt 0:02:38]} Bf6 {[%emt 0:10:23]} 21. h4 {[%emt 0:01:18]} e5 {[%emt 0:03:23]} 22. h5 {[%emt 0:04:03]} exd4 {[%emt 0:09:54]} 23. exd4 {[%emt 0:00:45]} Nf8 {[%emt 0:00:04]} 24. Ba2 {[%emt 0:05:50]} Ne6 {[%emt 0:01:53]} 25. Bf2 {[%emt 0:02:28]} Rb8 {[%emt 0:01:36]} 26. f4 {[%emt 0:04:08]} b3 {[%emt 0:05:47]} 27. Bb1 {[%emt 0:00:13]} Nf8 {[%emt 0:00:07]} 28. Qh3 {[%emt 0:04:38]} Re8 {[%emt 0:05:43]} 29. Ng1 {[%emt 0:02:58]} Na5 {[%emt 0:01:58]} 30. hxg6 {[%emt 0:01:10]} hxg6 {[%emt 0:00:32]} 31. Bd3 {[%emt 0:02:20]} Ne6 {[%emt 0:04:23]} 32. f5 {[%emt 0:01:53]} Nf4 {[%emt 0:04:45]} 33. Qh2 {[%emt 0:07:49]} Nxd3 {[%emt 0:01:29]} 34. Rxd3 {[%emt 0:00:01]} Nc4 {[%emt 0:00:43]} 35. fxg6 {[%emt 0:05:17]} fxg6 {[%emt 0:00:07]} 36. Rh3 {[%emt 0:00:10]} Rbc8 {[%emt 0:01:56]} 37. Qf4 {[%emt 0:10:26]} Qe6 {[%emt 0:02:21]} 38. Rxb3 {[%emt 0:01:01]} Bg7 {[%emt 0:00:40]} 39. Rh3 {[%emt 0:02:09]} Nd6 {[%emt 0:00:31]} 40. Rxc8 {[%emt 0:01:22]} Rxc8 {[%emt 0:00:05]} 41. Nf3 {[%emt 0:30:55]} Ne4 {[%emt 0:04:57]} 42. Be3 {[%emt 0:00:00]} Qf5 {[%emt 0:08:32]} 43. Qh4 {[%emt 0:00:00]} Nf6 {[%emt 0:06:14]} 44. Ne5 {[%emt 0:00:00]} Rc2 {[%emt 0:01:47]} 45. Rf3 {[%emt 0:00:00]} Qh5 {[%emt 0:01:59]} 46. Qxh5 {[%emt 0:00:00]} gxh5 {[%emt 0:00:13]} 47. Rf2 {[%emt 0:00:00]} Rc7 {[%emt 0:01:00]} 48. Kh2 {[%emt 0:00:00]} Rb7 {[%emt 0:04:01]} 49. Rc2 {[%emt 0:00:00]} Rb4 {[%emt 0:02:37]} 50. a5 {[%emt 0:00:00]} Rb5 {[%emt 0:01:27]} 51. b4 {[%emt 0:00:42]} Rxb4 {[%emt 0:00:02]} 52. Rc6 {[%emt 0:00:06]} Rb3 {[%emt 0:01:44]} 53. Bg1 {[%emt 0:00:45]} Ne4 {[%emt 0:02:19]} 54. Rxa6 {[%emt 0:00:14]} h4 {[%emt 0:00:30]} 55. Nf3 {[%emt 0:01:56]} Bf8 {[%emt 0:00:01]} 56. Kh3 {[%emt 0:00:49]} Be7 {[%emt 0:00:28]} 57. Kg4 {[%emt 0:00:42]} Rb2 {[%emt 0:00:20]} 58. Nxh4 {[%emt 0:01:22]} Bxh4 {[%emt 0:01:12]} 59. Kxh4 {[%emt 0:00:01]} Rxg2 {[%emt 0:00:03]} 60. Be3 {[%emt 0:00:22]} Kf7 {[%emt 0:00:52]} 61. Rc6 {[%emt 0:00:32]} Ra2 {[%emt 0:00:29]} 62. a6 {[%emt 0:00:01]} Ra4 {[%emt 0:00:36]} 63. Kg4 {[%emt 0:00:47]} Ke7 {[%emt 0:00:01]} 64. Kf4 {[%emt 0:03:08]} Kd7 {[%emt 0:00:41]} 65. Rg6 {[%emt 0:00:13]} Nd6 {[%emt 0:00:40]} 66. a7 {[%emt 0:01:08]} Kc7 {[%emt 0:00:39] Ke4} 1/2-1/2

[Event "13th Poti Nana Aleksandria Cup"]
[Site "Poti"]
[Date "2018.07.13"]
[Round "1"]
[White "Nikulina, Alena"]
[Black "Mammadov, Sadig"]
[Result "1/2-1/2"]
[WhiteElo "1959"]
[BlackElo "2312"]
[Annotator "NA"]
[PlyCount "121"]
[EventDate "2018.07.13"]
[EventType "swiss"]
[EventCountry "GEO"]
[SourceTitle "playchess.com"]
[Source "ChessBase"]
[SourceQuality "1"]
[TimeControl "40/5400+30:1800+30"]

1. f4 {[%emt 0:18:32]} d5 {[%emt 0:00:00]} 2. Nf3 {[%emt 0:00:05]} Nf6 {[%emt 0:00:00]} 3. e3 {[%emt 0:00:09]} g6 {[%emt 0:00:17]} 4. d4 {[%emt 0:00:16]} Bf5 {[%emt 0:01:07]} 5. Be2 {[%emt 0:02:43]} Bg7 {[%emt 0:00:14]} 6. O-O {[%emt 0:00:11]} a6 {[%emt 0:06:58]} 7. Nbd2 {[%emt 0:00:43]} c5 {[%emt 0:03:40]} 8. c3 {[%emt 0:00:15]} Nc6 {[%emt 0:06:53]} 9. Ne5 {[%emt 0:00:24]} Ne4 {[%emt 0:02:05]} 10. g4 {[%emt 0:09:35]} Nxd2 {[%emt 0:00:39]} 11. Bxd2 Be4 {[%emt 0:00:15]} 12. Bf3 {[%emt 0:09:55]} f6 {[%emt 0:14:11]} 13. Nxc6 {[%emt 0:01:26]} bxc6 {[%emt 0:01:25]} 14. Bxe4 {[%emt 0:05:40]} dxe4 {[%emt 0:00:01]} 15. f5 {[%emt 0:00:23]} g5 {[%emt 0:14:06]} 16. Qc2 {[%emt 0:04:02]} h5 {[%emt 0:04:44]} 17. Qxe4 {[%emt 0:02:23]} hxg4 {[%emt 0:01:56]} 18. Qxc6+ {[%emt 0:02:27]} Kf8 {[%emt 0:00:14]} 19. Be1 {[%emt 0:04:28]} Qc8 {[%emt 0:03:03]} 20. Qxc5 {[%emt 0:02:50]} Qb7 {[%emt 0:01:43]} 21. Bg3 {[%emt 0:14:49]} Qxb2 {[%emt 0:14:00]} 22. d5 {[%emt 0:01:49]} Kg8 {[%emt 0:12:56]} 23. Qxe7 {[%emt 0:04:55]} Kh7 {[%emt 0:00:50]} 24. Rab1 {[%emt 0:06:58]} Qxc3 {[%emt 0:00:05]} 25. Rb7 {[%emt 0:00:37]} Rhg8 {[%emt 0:00:08]} 26. Rc7 {[%emt 0:02:16]} Qd2 {[%emt 0:02:46]} 27. Qxf6 {[%emt 0:03:04]} Qxe3+ {[%emt 0:00:09]} 28. Bf2 {[%emt 0:00:25]} Qh3 {[%emt 0:00:12]} 29. Bd4 {[%emt 0:01:04]} Qh6 {[%emt 0:00:08]} 30. Qxh6+ {[%emt 0:00:53]} Kxh6 {[%emt 0:00:01]} 31. f6 {[%emt 0:00:13]} Bf8 {[%emt 0:01:27]} 32. f7 {[%emt 0:00:39]} Rg6 {[%emt 0:00:03]} 33. Rc6 {[%emt 0:00:25]} Rd8 {[%emt 0:00:11]} 34. Rff6 {[%emt 0:01:04]} Rxf6 {[%emt 0:00:06]} 35. Rxf6+ {[%emt 0:00:12]} Kh7 {[%emt 0:00:01]} 36. Rf5 {[%emt 0:00:42]} Kg6 {[%emt 0:00:16]} 37. Rf6+ {[%emt 0:01:05]} Kh7 {[%emt 0:00:03]} 38. Kf2 {[%emt 0:00:47]} Rxd5 {[%emt 0:00:44]} 39. Ke3 {[%emt 0:00:16]} a5 {[%emt 0:07:45]} 40. Ke4 {[%emt 0:00:16]} Rd7 {[%emt 0:00:26]} 41. Bc3 {[%emt 0:30:43]} a4 {[%emt 0:31:11]} 42. Be5 {[%emt 0:00:43]} Rb7 {[%emt 0:03:16]} 43. Kf5 {[%emt 0:00:00]} Rb5 {[%emt 0:00:00]} 44. Ke6 {[%emt 0:00:00]} Kg7 {[%emt 0:00:00]} 45. Rf2+ {[%emt 0:00:00]} Kg6 {[%emt 0:00:00]} 46. Bc7 {[%emt 0:00:00]} Rb1 {[%emt 0:00:00]} 47. Kd7 {[%emt 0:00:00]} Re1 {[%emt 0:00:00]} 48. Bd8 {[%emt 0:00:00]} Kg7 {[%emt 0:01:18]} 49. Bxg5 {[%emt 0:00:00]} Bc5 {[%emt 0:01:48]} 50. Bf6+ {[%emt 0:01:34]} Kf8 {[%emt 0:00:15]} 51. Rf5 {[%emt 0:01:02]} Be7 {[%emt 0:01:09]} 52. Be5 {[%emt 0:01:31]} Bb4 {[%emt 0:00:41]} 53. Bd6+ {[%emt 0:01:21]} Bxd6 {[%emt 0:00:05]} 54. Kxd6 {[%emt 0:00:05]} Re2 {[%emt 0:00:08]} 55. Rf4 {[%emt 0:00:35]} a3 {[%emt 0:00:47]} 56. Rxg4 {[%emt 0:00:46]} Kxf7 {[%emt 0:00:11]} 57. Rf4+ {[%emt 0:00:38]} Kg6 {[%emt 0:00:08]} 58. h4 {[%emt 0:00:13]} Rxa2 {[%emt 0:00:05]} 59. Rf1 {[%emt 0:00:45]} Kh5 {[%emt 0:01:19]} 60. Kc5 {[%emt 0:00:10]} Rb2 {[%emt 0:00:04]} 61. Ra1 {[%emt 0:00:08]} 1/2-1/2

[Event "13th Poti Nana Aleksandria Cup"]
[Site "Poti"]
[Date "2018.07.13"]
[Round "1"]
[White "Arakelyan, Nare"]
[Black "Matsenko, Andrei"]
[Result "0-1"]
[WhiteElo "1834"]
[BlackElo "2299"]
[Annotator "NA"]
[PlyCount "54"]
[EventDate "2018.07.13"]
[EventType "swiss"]
[EventCountry "GEO"]
[SourceTitle "playchess.com"]
[Source "ChessBase"]
[SourceQuality "1"]
[TimeControl "40/5400+30:1800+30"]

1. e4 {[%emt 0:00:00]} c6 {[%emt 0:00:00]} 2. d4 {[%emt 0:00:00]} g6 {[%emt 0:00:00]} 3. Nf3 {[%emt 0:01:53]} d5 {[%emt 0:00:00]} 4. e5 {[%emt 0:05:47]} Bg4 {[%emt 0:01:11]} 5. Nc3 {[%emt 0:03:27] LiveBook: 3 Games} (5. Nbd2 $16) 5... Bg7 {[%emt 0:00:44]} 6. Be3 {[%emt 0:03:30]} e6 {[%emt 0:00:31]} 7. h3 {[%emt 0:03:03]} Bxf3 {[%emt 0:00:06]} 8. Qxf3 {[%emt 0:00:03]} Ne7 {[%emt 0:00:06]} 9. g4 {[%emt 0:06:48]} c5 {[%emt 0:01:22]} 10. Nb5 {[%emt 0:04:31]} O-O $15 {[%emt 0:00:34]} 11. dxc5 {[%emt 0:17:47]} Nbc6 {[%emt 0:02:39]} 12. c3 {[%emt 0:02:14]} Nxe5 {[%emt 0:01:57]} 13. Qg3 {[%emt 0:01:11]} Nd7 {[%emt 0:04:04]} 14. h4 {[%emt 0:07:55]} h6 {[%emt 0:09:22]} 15. h5 {[%emt 0:07:08]} g5 {[%emt 0:00:38]} 16. f4 {[%emt 0:02:27]} gxf4 {[%emt 0:00:50]} 17. Qxf4 {[%emt 0:01:00]} e5 {[%emt 0:00:48]} 18. Qf3 {[%emt 0:08:57]} f5 {[%emt 0:07:21]} 19. gxf5 {[%emt 0:01:25]} e4 {[%emt 0:01:18]} 20. Qd1 {[%emt 0:01:49]} Ne5 {[%emt 0:00:47]} 21. Nd6 {[%emt 0:06:25]} Nf3+ {[%emt 0:03:56]} 22. Kf2 {[%emt 0:00:57]} Rxf5 {[%emt 0:05:22]} 23. Nxf5 {[%emt 0:02:37]} Nxf5 {[%emt 0:00:17]} 24. Be2 {[%emt 0:02:02]} Nxe3 {[%emt 0:00:31]} 25. Kxe3 {[%emt 0:00:09]} Qg5+ {[%emt 0:00:32]} 26. Kf2 {[%emt 0:01:44]} e3+ {[%emt 0:00:05]} 27. Kf1 {[%emt 0:00:31]} Nd2+ {[%emt 0:00:05]} 0-1